00430 2200169 4500001002100000008004100021035002000062245005900082100002000141250000600161260003300167084001400200082000800214650001400222990001200236990001200248INLIS000000000001203 ind  a0010-0524000438 aMengerti Bahasa Inggris Untuk SMA / MAcOtong Setiawan aSetiawan, Otong a1 aBandung :bYrama Widyac2008 a420 OTO m a420 aNon Fiksi a0713867 a0713868